Movies Quiz

Random Movies or Star Trek Quiz
Score 0/15 Timer 05:00
4 Plays Today
Quote Nimoy (N) or Quinto (Q)? % Correct
The needs of the many outweigh the needs of the few.???
96.1%
You have not answered his question. What does God need with a starship????
82.9%
Are you sure it isn't time for a colorful metaphor????
82.4%
You are my superior officer. You are also my friend. I have been and always shall be yours.???
80.6%
If I were a human I believe my response would be 'go to hell.' If I were human.???
78.9%
It's life, Captain, but not life as we know it.???
77.1%
You of all people should know, Cadet Kirk, a captain cannot cheat death.???
76.9%
I feel anger for the one who took Mother's life- an anger I cannot control.???
72.9%
Quote Nimoy (N) or Quinto (Q)? % Correct
Whatever our lives might have been, if the time continuum was disrupted, our destinies have changed.???
67.2%
You mistake my choice not to feel as a reflection of my not caring, while I assure you the truth is precisely the opposite.???
66.6%
In your travels did you ever encounter a man named Khan????
61.6%
I never took the Kobayashi Maru test until now. What do you think of my solution????
60.8%
'Pointy?' Is that a derogatory reference to me????
60.5%
Doctor, would you care to assist me in performing surgery on a photon torpedo????
60.4%
There are so few Vulcans left we cannot afford to ignore each other.???
56.2%
Remove Ads.
Support Sporcle.
Get the best of Sporcle when you Go Orange. This ad-free experience offers more features, more stats, and more fun while also helping to support Sporcle. Thank you for becoming a member.

You're not logged in!

Compare scores with friends on all Sporcle quizzes.
OR
Log In

Show Comments

Extras

Top Quizzes Today


Score Distribution

Your Account Isn't Verified!

In order to create a playlist on Sporcle, you need to verify the email address you used during registration. Go to your Sporcle Settings to finish the process.

Report this User

Report this user for behavior that violates our Community Guidelines.

Details: